Statistics for European Map Quiz

Click here to take the quiz!

General Stats

  • This quiz has been taken 15 times
  • The average score is 34 of 45

Answers on the Map

Answers color-coded by a green-red scale on the quiz's map according to % correct below.
 

Answer Stats

Answer% Correct
Greece
100%
Iceland
100%
Italy
100%
Norway
100%
Portugal
100%
Russia
100%
Spain
100%
United Kingdom
100%
Denmark
92%
France
92%
Ireland
92%
Sweden
92%
Belgium
83%
Finland
83%
Germany
83%
Netherlands
83%
Poland
83%
Switzerland
83%
Ukraine
83%
Belarus
75%
Luxembourg
75%
Moldova
75%
Albania
67%
Austria
67%
Bulgaria
67%
Croatia
67%
Czech Republic
67%
Kosovo
67%
Malta
67%
North
Macedonia
67%
Romania
67%
San Marino
67%
Vatican City
67%
Andorra
58%
Bosnia and
Herzegovina
58%
Estonia
58%
Latvia
58%
Liechtenstein
58%
Monaco
58%
Montenegro
58%
Serbia
58%
Slovakia
58%
Hungary
50%
Slovenia
50%
Lithuania
42%

Score Distribution

Percentile by Number Answered

Percent of People with Each Score

Your Score History

You have not taken this quiz